000 00760cam a2200301 4500
008 090401t1991 xxu||||| |||| 00| 0 eng d
020 _a0419148507
035 _a(Sirsi) u21910
041 _aeng
050 _a333.33
100 _aCadman, David
245 _aProperty development
250 _a3rd ed.
260 _aLondon
_bE. and F.N.Spon
_c1991
300 _axvi,163p. : ill. ; 24cm.
350 _a13.95
520 _aJoint editor: Martin Avis.
650 _aAVIS MARTIN
650 _aBUILDING INDUSTRY
650 _aDEVELOPMENT APPRAISAL
650 _aMARKETING
650 _aPLANNING
650 _aPROPERTY FINANCE
700 _aAustin-Crowe, Leslie
700 _aTopping, Rosalyn.
_xEditor
942 _n0
948 _c04/03/1997
999 _c88089
_d88089